Statistiques concernant Pays d'Asie avec deux mots ou plus

Cliquez ici pour prendre le quiz!

Statistiques générales

  • Ce quiz a été pris 203 fois
  • Le résultat moyen est 6 sur 7

Statistiques - réponses

pays% Correct
Arabie Saoudite
86%
Corée du Nord
86%
Corée du Sud
86%
Sri Lanka
85%
Émirats arabes unis
77%
Timor-Leste
75%
Viêt Nam
70%

Distribution des résultats

Percentile par nombre de réponses

% des personnes avec chaque résultat

Votre développement - résultats

Vous n’avez pas pris ce quiz